الأفعال اللازمة و المتعدية /
Saved in:
| Main Author: | |
|---|---|
| Other Authors: | |
| Format: | Thesis |
| Language: | Arabic |
| Published: |
الخرطوم
: معهد الخرطوم الدولى للغة العربية،
1988
|
| Subjects: | |
| Tags: |
Add Tag
No Tags, Be the first to tag this record!
|
| LEADER | 013540000a22003130004500 | ||
|---|---|---|---|
| 001 | 64313 | ||
| 005 | 20091201114200.0 | ||
| 008 | 930216s1988 ara | ||
| 035 | |a 234741 | ||
| 035 | |a (Sirsi) 64313 | ||
| 040 | |a UIAM |b eng | ||
| 049 | |b m | ||
| 050 | |a PJ6145 | ||
| 100 | 1 | |a حسن، أحمد شيخ | |
| 245 | 1 | 0 | |a الأفعال اللازمة و المتعدية / |c اعداد أحمد شيخ حسن ؛ اشراف يوسف الخليفة |
| 246 | 1 | 4 | |a al-Af'al al-lazimah wa-al-muta'addiyah / |c i'dad Ahmad Shaykh Husin; ishraf Yusuf al-Khalifah Abu Bakr |
| 260 | 1 | |a الخرطوم |b : معهد الخرطوم الدولى للغة العربية، |c 1988 | |
| 300 | |a 91p. | ||
| 502 | |a (M.A.)--Ma'had al-Khartoum al-Dawli lil-Lughat al-'Arabiyah | ||
| 533 | |a Two copies | ||
| 596 | |a 1 | ||
| 650 | 0 | |a Arabic language |x Verb | |
| 700 | 1 | |a Husin, Ahmad Shaykh | |
| 710 | 1 | |a Ma'had al-Khartum al-Dawli lil-Lughah al-'Arabiyah | |
| 710 | 2 | |a Munazzamah al-'Arabiyah lil-Tarbiyah wa-al-Thaqafah wa-al-'Ulum | |
| 900 | |a mnr-zmy | ||
| 999 | |c 430190 |d 461681 | ||
| 952 | |0 0 |6 T PJ6145H969A |7 0 |8 THESES |9 749314 |a IIUM |b IIUM |c MULTIMEDIA |g 0.00 |o t PJ6145H969A |p 00000286998 |r 2017-10-20 |t 1 |v 0.00 |y THESIS | ||
| 952 | |0 0 |6 LU T PJ6145H969A |7 0 |8 THESES |9 749315 |a IIUM |b IIUM |c CLOSEACCES |g 0.00 |o lu t PJ6145H969A |p 00000061688 |r 2017-10-25 |t 1 |v 0.00 |y THESIS | ||
